¡No más besos! / (Registro nro. 4166)

Detalles MARC
000 -LEADER
fixed length control field 01286nam a2200325Ia 4500
003 - CONTROL NUMBER IDENTIFIER
control field OSt
005 - DATE AND TIME OF LATEST TRANSACTION
control field 20210112115222.0
008 - FIXED-LENGTH DATA ELEMENTS--GENERAL INFORMATION
fixed length control field 191128s2006 ck a 000 j spa d
020 ## - INTERNATIONAL STANDARD BOOK NUMBER
International Standard Book Number 9789584538949
040 ## - CATALOGING SOURCE
Original cataloging agency CO-JMCR
Transcribing agency CO-JMCR
041 1# - LANGUAGE CODE
Language code of text/sound track or separate title spa
Language code of original eng
082 04 - DEWEY DECIMAL CLASSIFICATION NUMBER
Classification number A /
Item number CHIn
100 1# - MAIN ENTRY--PERSONAL NAME
Personal name Chichester Clark, Emma,
Relator term autora
9 (RLIN) 974
245 11 - TITLE STATEMENT
Title ¡No más besos! /
Statement of responsibility, etc. Emma Chichester Clark ; traducción de Cristina Puerta
250 ## - EDITION STATEMENT
Edition statement Primera edición
260 ## - PUBLICATION, DISTRIBUTION, ETC.
Place of publication, distribution, etc. Bogotá :
Name of publisher, distributor, etc. Norma,
Date of publication, distribution, etc. 2006
300 ## - PHYSICAL DESCRIPTION
Extent 32 páginas :
Other physical details principalmente ilustraciones a color ;
Dimensions 27 cm.
490 0# - SERIES STATEMENT
Series statement Buenas noches
500 ## - GENERAL NOTE
General note Plan Nacional de Lectura y Escritura. Leer es mi cuento, 2012.
500 ## - GENERAL NOTE
General note Título original: ¡No more kissing!
520 ## - SUMMARY, ETC.
Summary, etc. A este monito llamado Momo no le gustaque lo besen. De hecho, le molesta que los demás se besen constantemente, cosa que en su familia sucede todo el tiempo y por cualquier motivo.
521 ## - TARGET AUDIENCE NOTE
Target audience note Recomendado para mayores de 4 años.
546 ## - LANGUAGE NOTE
Language note Traducido del inglés.
650 14 - SUBJECT ADDED ENTRY--TOPICAL TERM
Topical term or geographic name entry element Cuentos infantiles ingleses
9 (RLIN) 181
650 14 - SUBJECT ADDED ENTRY--TOPICAL TERM
Topical term or geographic name entry element Relaciones familiares
9 (RLIN) 975
650 14 - SUBJECT ADDED ENTRY--TOPICAL TERM
Topical term or geographic name entry element Besos
General subdivision cuentos infantiles
9 (RLIN) 976
650 14 - SUBJECT ADDED ENTRY--TOPICAL TERM
Topical term or geographic name entry element Animales
General subdivision cuentos infantiles
9 (RLIN) 977
700 1# - ADDED ENTRY--PERSONAL NAME
Personal name Puerta, Cristina,
Relator term traductora
9 (RLIN) 131
942 ## - ADDED ENTRY ELEMENTS (KOHA)
Source of classification or shelving scheme Dewey Decimal Classification
Koha item type Books
Existencias
Withdrawn status Lost status Source of classification or shelving scheme Damaged status Not for loan Collection code Home library Current library Shelving location Date acquired Source of acquisition Cost, normal purchase price Total Checkouts Total Renewals Full call number Barcode Date last seen Date last checked out Copy number Price effective from Koha item type
    Dewey Decimal Classification     Fiction Biblioteca Pública José María del Castillo y Rada Biblioteca Pública José María del Castillo y Rada Children's Area 11/28/2019 Donación 0.00 16 7 A / CHIn 201808988 03/25/2026 03/24/2026 Ej.1 11/28/2019 Books